Cádiz CF Squad 2021-2022 - Statistics

General Stats
  • This quiz has been taken 37 times
    35 since last reset
  • The average score is 22 of 32
Answer Stats
# Position Nation Player % Correct
1 GK Argentina Jeremías Ledesma
94%
8 MF Spain Álex Fernández
89%
18 FW Spain Álvaro Negredo
89%
9 FW Honduras Choco Lozano
89%
3 DF Spain Fali
89%
4 MF Spain Rubén Alcaraz
89%
22 DF Uruguay Alfonso Espino
83%
24 MF Spain Fede San Emeterio
78%
21 FW Spain Rubén Sobrino
78%
- Coach Spain Álvaro Cervera
72%
15 DF Equatorial Guinea Carlos Akapo
72%
14 FW Spain Iván Alejo
72%
2 MF Denmark Jens Jønsson
72%
23 DF Spain Luis Hernández
72%
- Coach Spain Sergio González
72%
32 DF Spain Víctor Chust
72%
13 GK Spain David Gil
67%
20 DF Spain Isaac Carcelén
67%
16 DF Spain Juan Cala
67%
25 FW Spain Lucas Pérez
67%
7 FW Spain Salvi Sánchez
67%
19 DF Paraguay Santiago Arzamendia
67%
10 FW Spain Alberto Perea
61%
6 MF Spain José Mari
61%
11 FW Morocco Oussama Idrissi
61%
12 MF Chile Tomás Alarcón
61%
5 DF Armenia Varazdat Haroyan
61%
29 FW Montenegro Milutin Osmajić
56%
17 FW Romania Florin Andone
50%
4 DF Argentina Marcos Mauro
50%
11 FW Spain Álvaro Jiménez
44%
28 MF Spain Martín Calderón
22%
No matching quizzes found
Score Distribution
Percent of People with Each Score
Percentile by Number Answered
Your Score History
You have not taken this quiz since the last reset